000
00256nam a2200109Ia 4500
008
221102s9999 xx 000 0 und d
041
_a
eng
082
_b
R.K
100
_a
R.K. Narayan
245
_a
Malgudi days
260
_b
Indian Thought pub
_c
1905-07-02
999
_c
81939
_d
81939